[Event "Capablanca mem Masters I"]
[Site "Havana"]
[Date "1998.??.??"]
[Round "1"]
[White "De la Paz, Frank"]
[Black "Lipnowski, Irvin"]
[Result "1-0"]
[WhiteElo "2325"]
[BlackElo "2335"]

1.e4 c5 2.Nf3 e6 3.d4 cxd4 4.Nxd4 a6 5.Nc3 Qc7 6.Bd3 Nf6 7.O-O Nc6 8.Be3 Be7
9.f4 Nxd4 10.Bxd4 Bc5 11.Bxc5 Qxc5+ 12.Kh1 d6 13.Qf3 O-O 14.Rae1 Nd7 15.e5 dxe5
16.fxe5 Nxe5 17.Bxh7+ Kxh7 18.Qh5+ Kg8 19.Ne4 Qxc2 20.Rf2 Qd3 21.Rd2 Qxd2
22.Nxd2 f6 23.Ne4 b6 24.Re3 Ra7 25.Rh3 Rd7 26.Kg1 Bb7 27.Nc3 Rd2 28.Qh7+ Kf7
29.Rg3 Rg8 30.b3 Kf8 31.h3 b5 32.a3 Bc6 33.Ne4 Bxe4 34.Qxe4 Rd6 35.Rc3  1-0

[Event "Hlohovec op"]
[Site "Hlohovec"]
[Date "1998.??.??"]
[Round "6"]
[White "Stets, Dmitry"]
[Black "Timoshchenko, Gennadi A"]
[Result "1/2-1/2"]
[WhiteElo "2420"]
[BlackElo "2520"]

1.e4 c5 2.Nf3 e6 3.d4 cxd4 4.Nxd4 a6 5.Nc3 b5 6.Bd3 Bb7 7.Qe2 Ne7 8.Bg5 h6
9.Be3 Nec6 10.O-O Nxd4 11.Bxd4 Nc6 12.Be3 Ne5 13.f4 Nxd3 14.cxd3 Be7 15.Qg4 O-O
16.Bd4 f6 17.f5 exf5 18.Qxf5 Qe8 19.Rac1 Bd6  1/2-1/2

[Event "HUN-chT29899"]
[Site "HUN"]
[Date "1998.??.??"]
[Round "?"]
[White "Gal, Jozsef"]
[Black "Herpai, Jozsef"]
[Result "1/2-1/2"]
[WhiteElo "2325"]
[BlackElo "2230"]

1.e4 c5 2.Nf3 e6 3.d4 cxd4 4.Nxd4 a6 5.Nc3 Qc7 6.Be2 Nf6 7.O-O Nc6 8.Be3 Bb4
9.Bd3 Bd6 10.h3 h5 11.Nb3 Ng4 12.Re1 Bh2+ 13.Kf1 Nxe3+ 14.Rxe3 Bf4 15.Re1 g5
16.g3 Be5 17.Qd2 Rg8 18.Nd5 exd5 19.exd5 Ne7 20.Bh7 Rg7 21.Rxe5 d6 22.Rxe7+ Kxe7
23.Qe2+ Kf8 24.Qxh5 Qc4+ 25.Kg1 Qxd5 26.Re1 Be6 27.Be4 Qe5 28.Qh8+ Rg8 29.Qxe5 dxe5
30.Bxb7 Rb8 31.Nc5 Bxh3 32.b3 a5 33.Rxe5 f6 34.Re3 Rg7 35.Bg2 Rc8 36.Bxh3 Rxc5
37.c4 Re7 38.Rf3 Kg7 39.Bf5 Re2 40.a4 Rd2 41.g4 Re5 42.Kf1 Kf8 43.Bg6 Ke7
44.Bh7 Rd1+ 45.Kg2 Ree1 46.Rf5 Rh1 47.Bg8 Rdg1+ 48.Kf3 Rh3+ 49.Ke2 Rxb3 50.Rxa5 Rxg4
51.Ra7+ Kd8 52.Bd5 Rf4 53.a5 Rb2+ 54.Ke3 Rb3+ 55.Ke2 Rb2+ 56.Ke3 Rb3+  1/2-1/2

[Event "HUN-chT9899"]
[Site "HUN"]
[Date "1998.??.??"]
[Round "?"]
[White "Papp, Gabor"]
[Black "Lehoczki, Viktor"]
[Result "1-0"]
[WhiteElo "2190"]
[BlackElo "2180"]

1.e4 c5 2.Nf3 e6 3.d4 cxd4 4.Nxd4 a6 5.Nc3 Qc7 6.Bd3 Nc6 7.Nxc6 dxc6 8.O-O e5
9.f4 Nf6 10.f5 Be7 11.Kh1 b5 12.Qf3 Bb7 13.a4 h6 14.b3 Bc5 15.Ne2 Qe7 16.Qg3 Kf8
17.Bb2 Re8 18.Qf3 Kg8 19.axb5 cxb5 20.c4 b4 21.Bc2 Kh7 22.g4 Rd8 23.Bc1 Bc6
24.Ng3 Qb7 25.h4 Kg8 26.Kg2 Rd4 27.Re1 Rd6 28.g5 hxg5 29.hxg5 Nd7 30.Be3 Bd4
31.Bxd4 Rxd4 32.Rad1 Qb6 33.Rxd4 Qxd4 34.g6 Rh4 35.Rd1 Qb2 36.Rd2 Qc1 37.Qe2 Nf6
38.c5 Be8 39.c6 Ng4 40.gxf7+ Bxf7 41.Nf1 Qa1 42.Qd3 Qe1 43.Re2 Ne3+ 44.Rxe3  1-0

[Event "HUN-chT9899"]
[Site "HUN"]
[Date "1998.??.??"]
[Round "?"]
[White "Farkas, Gyula"]
[Black "Tolnai, Tibor"]
[Result "0-1"]
[WhiteElo "2200"]
[BlackElo "2560"]

1.e4 c5 2.Nf3 e6 3.Nc3 a6 4.d4 cxd4 5.Nxd4 b5 6.Bd3 Bb7 7.O-O Qc7 8.Kh1 Nf6
9.a3 Bc5 10.Nb3 Be7 11.f4 d6 12.Qe1 Nbd7 13.Qg3 g6 14.Be3 Nc5 15.Bd4 O-O
16.Rae1 Nh5 17.Qh3 Nxb3 18.cxb3 e5 19.Be3 exf4 20.Bxf4 Nxf4 21.Rxf4 Bg5 22.Rf2 Rae8
23.Ref1 Re5 24.b4 Qb6 25.Qg3 Qd8 26.Qg4 Qe7 27.Bc2 Kh8 28.h3 Be3 29.Rf6 Re6
30.Qf3 Kg7 31.Rxe6 fxe6 32.Qxf8+ Qxf8 33.Rxf8 Kxf8 34.Bd3 Bc1 35.Nd1 Ke7
36.Kg1 Kf6 37.Kf2 Ke5 38.Kf3 Kd4 39.Bc2 d5 40.exd5 Bxd5+ 41.Kf2 e5 42.a4 e4
43.axb5 e3+  0-1

[Event "HUN-chT9899"]
[Site "HUN"]
[Date "1998.??.??"]
[Round "?"]
[White "Boros, Daniel"]
[Black "Forintos, Gyozo V"]
[Result "0-1"]
[WhiteElo "2300"]
[BlackElo "2370"]

1.e4 c5 2.Nf3 e6 3.d4 cxd4 4.Nxd4 a6 5.Nc3 Qc7 6.Be2 b5 7.f4 b4 8.Nb1 Bb7
9.Bf3 Nf6 10.e5 Nd5 11.a3 d6 12.O-O dxe5 13.fxe5 Nd7 14.Kh1 Nxe5 15.Be4 Nf6
16.Bxb7 Qxb7 17.Bg5 Be7 18.axb4 Qxb4 19.c3 Qb7 20.Qe1 Ng6 21.Nd2 O-O 22.Nc4 Qd5
23.Bxf6 Qxc4 24.b3 Qc7 25.Bxe7 Nxe7 26.Rf3 e5 27.Qg3 Rac8 28.Ne2 Rb8 29.b4 Rb6
30.Ra5 f6 31.Qh4 Rd8 32.Rh3 Rd1+ 33.Ng1 h6 34.Qh5 Qd7 35.Rg3 Rbd6 36.Qe2 Rxg1+
37.Kxg1 Rd1+  0-1

[Event "HUN-chT9899"]
[Site "HUN"]
[Date "1998.??.??"]
[Round "?"]
[White "Bagonyai, Attila"]
[Black "Medvegy, Nora"]
[Result "1/2-1/2"]
[WhiteElo "2315"]
[BlackElo "2325"]

1.e4 c5 2.Nf3 e6 3.Nc3 a6 4.d4 cxd4 5.Nxd4 Qc7 6.Bd3 Nf6 7.O-O Nc6 8.Nxc6 bxc6
9.Qe2 d5 10.e5 Nd7 11.f4 a5 12.Kh1 a4 13.Bd2 Be7 14.Rae1 g6 15.Nd1 Nc5 16.Rf3 Bb7
17.Nf2 Qb6 18.Bc1 Ba6 19.Be3 Qa5 20.Bxc5 Bxc5 21.Ng4 Be7 22.Nf6+ Bxf6 23.exf6 Bxd3
24.Rxd3 Rb8 25.b3 axb3 26.axb3 O-O 27.Rf1 Qd8 28.Qe5 Rb4 29.Rh3 Re8 30.Qg5 d4
31.Rh6 Rb5 32.Qh4 Rf5 33.Rxh7 Qxf6 34.Qh3 e5 35.g4 Rxf4 36.Ra1 e4 37.g5 Qe5
38.Ra5 Rf1+ 39.Qxf1 Qe6 40.Rh4 e3 41.Ra1 e2 42.Qe1  1/2-1/2

[Event "HUN-chT9899"]
[Site "HUN"]
[Date "1998.??.??"]
[Round "?"]
[White "Antal, Gergely"]
[Black "Papp, Gabor"]
[Result "0-1"]
[WhiteElo "2195"]
[BlackElo "2190"]

1.e4 c5 2.Nf3 e6 3.d4 cxd4 4.Nxd4 a6 5.Nc3 b5 6.Bd3 Qb6 7.Nb3 Qc7 8.O-O Bb7
9.a3 Nf6 10.Qe2 Be7 11.Bg5 d6 12.f4 Nbd7 13.Rae1 e5 14.Rd1 O-O 15.Kh1 exf4
16.Bxf4 Ne5 17.Nd4 Rfe8 18.Bxe5 dxe5 19.Nf5 Rad8 20.Qf3 Bf8 21.Qg3 Re6 22.Rde1 Kh8
23.Qh4 g6 24.Nh6 Bg7 25.Re3 Bxh6 26.Qxh6 Ng4 27.Qg5 Nxe3 28.Qxe3 Qe7 29.Kg1 Rf6
30.Rxf6 Qxf6 31.a4 b4 32.Ne2 Kg7 33.h3 Qc6 34.b3 a5 35.Nc1 Ba6 36.Bxa6 Qxa6
37.Nd3 Qd6 38.Qa7 Qd4+ 39.Qxd4 exd4 40.Nb2 Rc8 41.Nc4 Rxc4  0-1

[Event "HUN-chT 9798"]
[Site "Hungary"]
[Date "1998.??.??"]
[Round "?"]
[White "Glatt, Gabor"]
[Black "Kovacs, Adrian"]
[Result "1-0"]
[WhiteElo "2300"]
[BlackElo "2180"]

1.e4 c5 2.Nf3 e6 3.d4 cxd4 4.Nxd4 a6 5.Nc3 Qc7 6.Bd3 Nf6 7.O-O Bc5 8.Nb3 Be7
9.a4 b6 10.Be3 d6 11.f4 Nbd7 12.Qe2 Bb7 13.Rad1 h5 14.Bd4 e5 15.fxe5 dxe5
16.Be3 Ng4 17.Bc1 Nc5 18.Bc4 Nf6 19.Nxc5 Bxc5+ 20.Kh1 Bc8 21.Nd5 Nxd5 22.Bxd5 Bg4
23.Qc4 O-O 24.Bxa8 Bxd1 25.Bd5 b5 26.axb5 axb5 27.Qd3 Bg4 28.Qxb5 Kh8 29.Qc4 f6
30.h3 Bd7 31.Be3 Bd6 32.Qxc7 Bxc7 33.b4 Bd6 34.Rb1 Rb8 35.c3 f5 36.exf5 Bxf5
37.Ra1 Bd3 38.Kg1 Kh7 39.Ra8 Rxa8 40.Bxa8 Kg6 41.Bc6 Kf6 42.Kf2 Ke6 43.Kf3 Be7
44.Ba7 Bg5 45.Be3 Bf6 46.Be4 Bb5 47.Kf2 Kd6 48.Bg6 h4 49.Bf7 g5 50.c4 Bd7
51.Bc5+ Kc7 52.b5 g4 53.b6+ Kc8 54.Bd5 Bd8 55.hxg4 Bxg4 56.Ke3 Bf5 57.Be4 Be6
58.Kd3 h3 59.gxh3 Bxh3 60.Kc3 Be6 61.Kb4 Bf7 62.Kb5 Be6 63.b7+ Kb8 64.Kc6  1-0

[Event "ISL-chT 9798"]
[Site "Iceland"]
[Date "1998.??.??"]
[Round "?"]
[White "Kristjansson, Olafur"]
[Black "Ivanov, Mikhail M"]
[Result "0-1"]
[WhiteElo "2245"]
[BlackElo "2500"]

1.e4 c5 2.Nf3 e6 3.d4 cxd4 4.Nxd4 a6 5.Nc3 b5 6.Bd3 Qb6 7.Nf3 d6 8.O-O Nd7
9.a4 b4 10.a5 Qc7 11.Na2 Ngf6 12.Bd2 d5 13.exd5 Nxd5 14.c4 bxc3 15.Nxc3 Nb4
16.Be4 Rb8 17.Qe2 Nc5 18.Rfc1 Qd6 19.Be3 Nxe4 20.Nxe4 Qd3 21.Qxd3 Nxd3 22.Rc3 Bb7
23.Neg5 Nb4 24.Bf4 Rc8 25.Rxc8+ Bxc8 26.Rc1 Bd7 27.Ne5 Nd5 28.Bd2 f6 29.Nxd7 Kxd7
30.Ne4 Be7 31.Kf1 Rb8 32.Rb1 Rb3 33.Ke2 f5 34.Nc3  0-1

[Event "Pan American-chJ"]
[Site "Isla Margarita"]
[Date "1998.??.??"]
[Round "?"]
[White "Uribe, Mauricio"]
[Black "Peralta, Fernando"]
[Result "0-1"]
[WhiteElo "2205"]
[BlackElo "2360"]

1.e4 c5 2.Nf3 e6 3.d4 cxd4 4.Nxd4 a6 5.Nc3 Qc7 6.Bd3 Nc6 7.Be3 Nf6 8.O-O Ne5
9.h3 Bc5 10.Kh1 d6 11.f4 Ng6 12.Qf3 O-O 13.Nb3 Bxe3 14.Qxe3 b5 15.a4 b4 16.Na2 Rb8
17.a5 e5 18.fxe5 Nxe5 19.Qg5 Nfd7 20.Qd2 Nc5 21.Nac1 Nc6 22.Nxc5 dxc5 23.Bc4 Bb7
24.Nd3 Rbd8 25.Qg5 Nxa5 26.Rxa5 Qxa5 27.Rxf7 Rxf7 28.Ne5 Qc7 29.Bxf7+ Kf8
30.Qf4 Qe7 31.Bd5+ Qf6 32.Qxf6+ gxf6 33.Bxb7 Rd1+ 34.Kh2 fxe5 35.Bxa6 Rd2  0-1

[Event "Independence Cup op"]
[Site "Kiev"]
[Date "1998.??.??"]
[Round "11"]
[White "Malienko, Alexander"]
[Black "Lysak, Igor"]
[Result "1-0"]
[WhiteElo "2260"]
[BlackElo "2155"]

1.e4 c5 2.Nf3 e6 3.d4 cxd4 4.Nxd4 a6 5.Nc3 Qc7 6.g3 Nc6 7.Bg2 Nf6 8.O-O Nxd4
9.Qxd4 Bc5 10.Qd1 O-O 11.Na4 Ba7 12.Bf4 Qa5 13.c4 d5 14.Bd6 Re8 15.e5 Ne4
16.Bxe4 dxe4 17.Nc3 e3 18.fxe3 Bxe3+ 19.Kg2 Bd7 20.Kh3 Bc6 21.Qd3 Ba7 22.b4 Qd8
23.Rxf7 Qg5 24.Rf4 Bb8 25.Raf1 Bxd6 26.exd6 Rf8 27.Qe2 e5 28.Rxf8+ Rxf8 29.Rxf8+ Kxf8
30.g4 Qh6+ 31.Kg3 Qxd6 32.b5 axb5 33.cxb5 Qd4 34.bxc6 Qxc3+ 35.Qf3+ Qxf3+
36.Kxf3 bxc6 37.Ke4 Ke7 38.Kxe5 Kd7 39.g5 Kc7 40.Kd4 Kb6 41.Kc4 h5 42.h4 g6
43.a3  1-0

[Event "Klatovy op-B"]
[Site "Klatovy"]
[Date "1998.??.??"]
[Round "?"]
[White "Novotny, R."]
[Black "Hampek, M."]
[Result "1-0"]
[WhiteElo "1890"]
[BlackElo "1655"]

1.e4 c5 2.Nf3 e6 3.d4 cxd4 4.Nxd4 a6 5.Nc3 Qc7 6.a3 Nc6 7.Be3 Bd6 8.Qd2 Nge7
9.Ndb5 axb5 10.Nxb5 Qb8 11.Nxd6+ Kf8 12.Be2 b6 13.O-O f6 14.Rad1 Nd8 15.c3 Nf7
16.Nxc8 Qxc8 17.Qxd7  1-0

[Event "Klatovy op-A"]
[Site "Klatovy"]
[Date "1998.??.??"]
[Round "?"]
[White "Herejk, Petr"]
[Black "Palek, Miroslav"]
[Result "1/2-1/2"]
[WhiteElo "2125"]
[BlackElo "2175"]

1.e4 c5 2.Nf3 e6 3.d4 cxd4 4.Nxd4 a6 5.Nc3 Qc7 6.Be2 b5 7.Bf3 Bb7 8.O-O Nc6
9.Re1 Ne5 10.Bf4 d6 11.a3 Nf6 12.g3 Be7 13.Bg2 O-O 14.Bc1 Rfd8 15.h3 Nc4
16.Nb3 d5 17.exd5 Nxd5 18.Nxd5 Bxd5 19.Bxd5 Rxd5 20.Qe2 Rad8 21.c3 Re5 22.Qf1 Qb7
23.Nd4 Rxe1 24.Qxe1 e5 25.Nc2 Qf3 26.Ne3 Bc5 27.b3 Bxe3 28.Bxe3 Nxe3 29.Qxe3 Qxe3
30.fxe3 Rd3 31.Rc1 f5 32.Kf2 Rd2+ 33.Kf3 Kf7 34.g4 Kf6 35.gxf5 Kxf5 36.e4+ Ke6
37.c4 Rd3+ 38.Kg4 bxc4 39.Rxc4 h5+ 40.Kxh5 Rxh3+ 41.Kg4 Rxb3 42.Rc6+ Kf7
43.Rxa6 g6 44.Ra7+ Kf6 45.Ra6+ Kg7 46.a4 Re3 47.Kg5 Rg3+ 48.Kh4 Re3 49.Kg5  1/2-1/2

[Event "Klatovy op-A"]
[Site "Klatovy"]
[Date "1998.??.??"]
[Round "?"]
[White "Hrbolka, Ladislav Jr"]
[Black "Palek, Miroslav"]
[Result "0-1"]
[WhiteElo "2000"]
[BlackElo "2175"]

1.e4 c5 2.Nf3 e6 3.d4 cxd4 4.Nxd4 a6 5.Nc3 Qc7 6.Be3 Bb4 7.Qd3 Nf6 8.Bd2 O-O
9.O-O-O b5 10.Kb1 Bc5 11.f4 d6 12.Nb3 Ng4 13.Nxc5 Nf2 14.Qf3 Nxd1 15.Nb3 Nxc3+
16.Bxc3 Nc6 17.Qg3 f6 18.Bd3 b4 19.Bd2 a5 20.h4 a4 21.Nc1 Ba6 22.h5 Bxd3
23.Nxd3 b3 24.cxb3 axb3 25.a3 Nd4 26.Nb4 Rfc8 27.h6 Rab8 28.Qe3 Qc4 29.Rc1 Nc2
30.Qa7 gxh6 31.e5 Qe4 32.Nxc2 Rxc2 33.Qxb8+ Rc8+  0-1

[Event "Klatovy op-B"]
[Site "Klatovy"]
[Date "1998.??.??"]
[Round "?"]
[White "Soutner, J."]
[Black "Kupka, Frantisek"]
[Result "0-1"]
[WhiteElo "1755"]
[BlackElo "1910"]

1.e4 c5 2.Nf3 e6 3.d4 cxd4 4.Nxd4 a6 5.Nc3 Qc7 6.Be3 Nf6 7.Be2 Bb4 8.O-O Bxc3
9.bxc3 Nxe4 10.Bd3 Nf6 11.Qd2 d6 12.c4 O-O 13.f4 Nc6 14.Rf3 Ng4 15.Rh3 g6
16.f5 exf5 17.Nxc6 Nxe3 18.Qxe3 bxc6 19.Re1 Qa7 20.Kf1 Qxe3 21.Rhxe3 Be6
22.Be2 Rfb8 23.Rb3 Rxb3 24.axb3 Kf8 25.Bf3 d5 26.cxd5 Bxd5 27.Bxd5 cxd5 28.Ra1 Rc8
29.Rxa6 Rxc2 30.Ra4 Rb2 31.Rb4 Ke7 32.h3 h6 33.g3 Ke6 34.Ke1 Ke5 35.Kd1 d4
36.Kc1 Rg2 37.Ra4 Rxg3 38.b4 Rc3+ 39.Kb2 f4 40.b5 Rc7 41.b6 Rb7 42.Rb4 f3  0-1

[Event "RUS-ch U18"]
[Site "Kolontaevo"]
[Date "1998.??.??"]
[Round "?"]
[White "Rasskazov, Vladimir"]
[Black "Shaposhnikov, Evgeny"]
[Result "1-0"]
[WhiteElo "2170"]
[BlackElo "2415"]

1.e4 c5 2.Nf3 e6 3.d4 cxd4 4.Nxd4 a6 5.Nc3 Qc7 6.Be3 Bb4 7.Bd2 Nf6 8.Bd3 Be7
9.O-O b5 10.a3 Bb7 11.Qe2 d6 12.Be3 Nbd7 13.f4 O-O 14.Kh1 Rfe8 15.Rf3 Rac8
16.Rh3 Bf8 17.g4 Nc5 18.g5 Nfxe4 19.Nxe4 Nxe4 20.Kg1 g6 21.Qe1 f5 22.gxf6 Nxf6
23.Qh4 Bg7 24.Rf1 Rcd8 25.Nf3 Qc6 26.Kf2 e5 27.f5 e4 28.Nd4 Qd5 29.Be2 h5
30.Rg1 Bc8 31.Rxg6 Bxf5 32.Qxf6 Bxg6 33.Qxg6 Re5 34.Rxh5 Rf8+ 35.Ke1 Rxh5
36.Qxh5 Qa2 37.Nf5 Qb1+ 38.Kd2 Rxf5 39.Qxf5 Qxb2 40.Qd5+ Kh8 41.Qh5+ Kg8
42.Qe8+  1-0

[Event "RUS-ch U18"]
[Site "Kolontaevo"]
[Date "1998.??.??"]
[Round "?"]
[White "Bogatyrev, Sergey"]
[Black "Shaposhnikov, Evgeny"]
[Result "0-1"]
[WhiteElo "2260"]
[BlackElo "2415"]

1.e4 c5 2.Nf3 e6 3.d4 cxd4 4.Nxd4 a6 5.Nc3 b5 6.Bd3 Qb6 7.Nb3 Qc7 8.O-O Bb7
9.Re1 d6 10.a4 bxa4 11.Rxa4 Nf6 12.Bf4 Be7 13.e5 Qc6 14.f3 dxe5 15.Bxe5 Nbd7
16.Bd4 Qc7 17.Qe2 Bd6 18.h3 Nh5 19.Bf2 Nf4 20.Qd2 Nxd3 21.Qxd3 Ne5 22.Qe2 Ng6
23.Ne4 Bxe4 24.Qxe4 O-O 25.Rea1 Be5 26.Rxa6 Rxa6 27.Rxa6 Bxb2 28.Ra8 Rd8
29.Rxd8+ Qxd8 30.c4 Qd1+ 31.Kh2 Qxb3 32.Qa8+ Nf8 33.Bc5 Be5+ 34.g3 Qb2+ 35.Kh1 Qb8
36.Qe4 Bxg3  0-1

[Event "RUS-ch sf"]
[Site "Krasnodar"]
[Date "1998.??.??"]
[Round "?"]
[White "Frolov, Andrei"]
[Black "Zhukov, Vadim A"]
[Result "1-0"]
[WhiteElo "2265"]
[BlackElo "2270"]

1.e4 c5 2.Nf3 e6 3.d4 cxd4 4.Nxd4 a6 5.Nc3 b5 6.Bd3 Qc7 7.O-O b4 8.Na4 Bb7
9.Be3 Nf6 10.f3 d5 11.Nb3 Nbd7 12.c3 Bd6 13.e5 Nxe5 14.f4 Neg4 15.Bb6 Qb8
16.h3 Bxf4 17.hxg4 Bh2+ 18.Kh1 d4 19.Rf3 Nxg4 20.Qe2 Bg1 21.Rh3 Nf2+ 22.Kxg1 Nxh3+
23.gxh3 Qg3+ 24.Kf1 Qxh3+ 25.Ke1 O-O 26.Bxd4 e5 27.Qe3 Qh1+ 28.Kd2 exd4 29.cxd4 Qh4
30.Rf1 Rae8 31.Qf4 Qh3 32.Nbc5 Bc6 33.Rf2 Qh1 34.Rh2 Qe1+ 35.Kc2 h6 36.Nb6 Bb5
37.Be4 f5 38.Bd5+ Kh7 39.Nbd7 Bxd7 40.Nxd7 Rc8+ 41.Nc5 Qe7 42.Bc4 Rxc5 43.dxc5 Qxc5
44.Rd2 Rc8 45.b3 Rc7 46.Kb2 g6 47.Rd5 Qc6 48.Qe5 Rd7 49.Qe8 Qf6+ 50.Re5 Rd8
51.Qe7+ Qg7 52.Qe6 Qd7 53.Qe7+ Qxe7 54.Rxe7+ Kh8 55.Bxa6 Rd2+ 56.Kb1 f4 57.Re4 g5
58.Rxb4 f3 59.a4 f2 60.a5 Rd1+ 61.Kc2 Ra1 62.Ra4 f1=Q 63.Bxf1 Rxf1 64.a6 Rf8
65.b4 g4 66.a7 Ra8 67.b5 g3 68.b6  1-0

[Event "RUS-Cup"]
[Site "Krasnodar"]
[Date "1998.??.??"]
[Round "1"]
[White "Kobalija, Mihail"]
[Black "Zhukov, Vadim A"]
[Result "1-0"]
[WhiteElo "2500"]
[BlackElo "2270"]

1.e4 c5 2.Nf3 e6 3.Nc3 a6 4.d4 cxd4 5.Nxd4 Qc7 6.Be2 b5 7.a3 Bb7 8.O-O Bc5
9.Nb3 Be7 10.f4 d6 11.Bf3 Nd7 12.Qe2 Rb8 13.Bd2 Ngf6 14.Rae1 Nb6 15.e5 dxe5
16.Bxb7 Rxb7 17.fxe5 Nfd5 18.Qg4 Bf8 19.Na5 Rb8 20.Nxd5 Nxd5 21.c4 bxc4 22.Nxc4 h5
23.Qf3 g6 24.Kh1 Rh7 25.Rc1 Qd7 26.Bg5 Be7 27.Bxe7 Kxe7 28.Nd6 Kf8 29.Qg3 Kg8
30.Rc4 Rg7 31.b4 Rf8  1-0

[Event "Krasnodar"]
[Site "Krasnodar"]
[Date "1998.??.??"]
[Round "3"]
[White "Beshukov, Sergei"]
[Black "Poluljahov, Aleksandr"]
[Result "1/2-1/2"]
[WhiteElo "2405"]
[BlackElo "2505"]

1.e4 c5 2.Nf3 e6 3.d4 cxd4 4.Nxd4 a6 5.Nc3 Qc7 6.Bd3 b5 7.O-O Bb7 8.Qe2 Nc6
9.Nb3 Nf6 10.f4 d6 11.Bd2 Be7 12.Rae1  1/2-1/2

[Event "RUS-Cup"]
[Site "Krasnodar"]
[Date "1998.??.??"]
[Round "4"]
[White "Zhukov, Vadim A"]
[Black "Batikiants, S."]
[Result "0-1"]
[WhiteElo "2270"]
[BlackElo "2195"]

1.e4 c5 2.Nf3 e6 3.d4 cxd4 4.Nxd4 a6 5.Nc3 Qc7 6.g3 Bb4 7.Ne2 Nf6 8.Bg2 Be7
9.O-O Nc6 10.Kh1 O-O 11.f4 d6 12.Be3 b5 13.Rg1 Re8 14.a3 Bb7 15.Nd4 Rac8
16.Nb3 b4 17.axb4 Nxb4 18.Qe2 Ba8 19.Rgc1 e5 20.fxe5 dxe5 21.Bf3  0-1

[Event "RUS-Cup"]
[Site "Krasnodar"]
[Date "1998.??.??"]
[Round "5"]
[White "Fedorov, Alexei"]
[Black "Khurtsidze, Nino"]
[Result "1-0"]
[WhiteElo "2595"]
[BlackElo "2390"]

1.e4 c5 2.Nf3 e6 3.Nc3 a6 4.d4 cxd4 5.Nxd4 Qc7 6.g3 Bb4 7.Bd2 Nf6 8.Bg2 Nc6
9.Nb3 Be7 10.f4 d6 11.O-O O-O 12.g4 b5 13.g5 Nd7 14.a3 Re8 15.Rf3 Bb7 16.Rh3 g6
17.Qe1 b4 18.Qh4 h5 19.Bf3 bxc3 20.Bxh5 Bxg5 21.Qxg5 Qd8 22.Qh6 cxb2 23.Rf1 Qf6
24.Bc3 e5 25.fxe5 Qxf1+ 26.Kxf1 b1=Q+ 27.Kf2 Ndxe5 28.Be2 f6 29.Qh8+  1-0

[Event "RUS-Cup"]
[Site "Krasnodar"]
[Date "1998.??.??"]
[Round "5"]
[White "Tseshkovsky, Vitaly"]
[Black "Brodsky, Michail"]
[Result "1-0"]
[WhiteElo "2510"]
[BlackElo "2545"]

1.e4 c5 2.Nf3 e6 3.d4 cxd4 4.Nxd4 a6 5.Nc3 b5 6.g3 Bb7 7.Bg2 Nf6 8.a3 Qc7
9.O-O d6 10.g4 h6 11.f4 Nc6 12.Nb3 Be7 13.Qe2 Nd7 14.Be3 Nb6 15.a4 bxa4 16.Nxa4 Nd7
17.Qf2 Nb4 18.c3 Nc6 19.Nb6 Rd8 20.Nxd7 Rxd7 21.Nd2 d5 22.exd5 exd5 23.Nb3 O-O
24.Rad1 d4 25.Nxd4 Nxd4 26.Rxd4 Bxg2 27.Rxd7 Qxd7 28.Qxg2 Bf6 29.g5 hxg5
30.fxg5 Be5 31.g6 fxg6 32.Rxf8+ Kxf8 33.Qxg6 Bf6 34.Qe4 Qd1+ 35.Kf2 Qb3 36.Bc1 Kf7
37.Qd3 Qb6+ 38.Kg2 Qb7+ 39.Qf3 Qb3 40.Qd3 Qb7+ 41.Kf2 Qb6+ 42.Kf3 Qb7+ 43.Qe4 Qb3
44.Ke2 Qb5+ 45.Ke1 Qb3 46.Qe2 a5 47.Qh5+ Kg8 48.Qxa5 Qe6+ 49.Kd1 Qe4 50.Qa6 Qh1+
51.Kc2 Qxh2+ 52.Bd2 Qh7+ 53.Qd3 Qh1 54.b4 Kf7 55.b5 Ke6 56.c4 g5 57.c5 Qd5
58.Qb3 g4 59.c6 Be5 60.Be3 g3 61.Qxd5+ Kxd5 62.Kd3 Bc7 63.Ke2 Bd6 64.Kf3 Bc7
65.Bg1 Bd6 66.Kg4 Bc7 67.Kf5 Bd6 68.Kf6 g2 69.Kf7 Bc7 70.Ke7 Kc4 71.Kd7 Be5
72.b6 Bd4 73.b7  1-0

[Event "RUS-Cup"]
[Site "Krasnodar"]
[Date "1998.??.??"]
[Round "7"]
[White "Fedorov, Alexei"]
[Black "Beshukov, Sergei"]
[Result "1-0"]
[WhiteElo "2595"]
[BlackElo "2405"]

1.e4 c5 2.Nf3 e6 3.Nc3 a6 4.d4 cxd4 5.Nxd4 Qc7 6.g3 Nc6 7.Bg2 d6 8.O-O Bd7
9.Nb3 Be7 10.f4 Nf6 11.Be3 b5 12.a3 Rc8 13.Qe2 Nb8 14.h3 Bc6 15.g4 O-O 16.g5 Nfd7
17.f5 Rfe8 18.Nd4 Bf8 19.h4 Bb7 20.fxe6 fxe6 21.Bh3 d5 22.Qf2 Qd6 23.Rad1 Ne5
24.exd5 exd5 25.Bxc8 Bxc8 26.Bf4 Nbd7 27.Rde1 g6 28.Nf3 Nxf3+ 29.Qxf3 Qc5+
30.Be3 Rxe3 31.Rxe3 Bb7 32.b4 Qd4 33.Ne2 Qb6 34.c3 d4 35.Qf7+ Kh8 36.Nxd4  1-0

[Event "Krasnodar"]
[Site "Krasnodar"]
[Date "1998.??.??"]
[Round "11"]
[White "Kuzmin, Gennadi P"]
[Black "Tregubov, Pavel V"]
[Result "1/2-1/2"]
[WhiteElo "2580"]
[BlackElo "2560"]

1.e4 c5 2.Nf3 e6 3.Nc3 a6 4.d4 cxd4 5.Nxd4 Qc7 6.Bd3 Nc6 7.Nxc6 dxc6 8.O-O Nf6
9.Qe2 Bd6 10.f4 e5 11.Kh1 b5 12.a4 b4 13.Nb1 Bg4 14.Qe1 exf4 15.e5 Bxe5 16.Bxf4 Nd7
17.Qxb4 Be6 18.Nd2 Bxf4 19.Qxf4  1/2-1/2

[Event "RUS-ch sf"]
[Site "Kstovo"]
[Date "1998.??.??"]
[Round "6"]
[White "Yandemirov, Valeri"]
[Black "Kornev, Alexei"]
[Result "1-0"]
[WhiteElo "2545"]
[BlackElo "2395"]

1.e4 c5 2.Nf3 e6 3.Nc3 a6 4.d4 cxd4 5.Nxd4 d6 6.Be2 Nf6 7.O-O Be7 8.Be3 Qc7
9.f4 O-O 10.Kh1 b5 11.a3 Bb7 12.Bf3 Nbd7 13.Qe2 Nc5 14.Bg1 Rac8 15.Rad1 Ba8
16.e5 dxe5 17.fxe5 Nfd7 18.b4 Bxf3 19.Nxf3 Nb7 20.Bd4 Nd8 21.Ne4 Qxc2 22.Qe3 Qc6
23.Nf6+ Nxf6 24.exf6 gxf6 25.Qh6 Qe4 26.Bxf6 Bxf6 27.Qxf6 Qg6 28.Qe7 Qg7
29.Qd7 Rc2 30.Ne1 Rc3 31.Qxd8  1-0

[Event "SCO-ch"]
[Site "Largs"]
[Date "1998.??.??"]
[Round "6"]
[White "Upton, Timothy J"]
[Black "Rowson, Jonathan"]
[Result "0-1"]
[WhiteElo "2270"]
[BlackElo "2485"]

1.e4 c5 2.Nf3 e6 3.d4 cxd4 4.Nxd4 a6 5.Nc3 b5 6.Be2 Bb7 7.Bf3 Nc6 8.O-O Nge7
9.e5 Ng6 10.Nxc6 dxc6 11.Qe2 Qc7 12.Re1 Bb4 13.Bg5 Bxc3 14.bxc3 h6 15.Bc1 c5
16.a4 O-O 17.Bxb7 Qxb7 18.Rb1 Rab8 19.axb5 axb5 20.c4 b4 21.Rb3 Rfd8 22.Rg3 Rd4
23.Bb2 Rd7 24.Qg4 Rd2 25.h4 Rxc2 26.h5 Rxb2 27.hxg6 Re8 28.Rf3 fxg6 29.Qxg6 Qe7
30.Re4 Rf8 31.Rxf8+ Kxf8 32.Rf4+ Kg8 33.Rf6 Ra2 34.f4 Ra6 35.f5 b3 36.Rxe6 Ra1+
37.Kf2 Qh4+ 38.g3 Qh2+ 39.Kf3 Rf1+ 40.Kg4 Qe2+  0-1

[Event "PER-ch sf"]
[Site "Lima"]
[Date "1998.??.??"]
[Round "11"]
[White "Alarcon, Ruy"]
[Black "Esplana, Christian"]
[Result "0-1"]
[WhiteElo "2230"]
[BlackElo "2150"]

1.e4 c5 2.Nf3 e6 3.d4 cxd4 4.Nxd4 a6 5.Nc3 Qc7 6.Be2 Nf6 7.Be3 Bb4 8.Qd3 Nxe4
9.O-O Nxc3 10.bxc3 Bxc3 11.Rab1 O-O 12.Nb3 Bb4 13.c4 Nc6 14.c5 d6 15.Qe4 Bd7
16.Rfd1 d5 17.Qh4 Bc3 18.Bd3 f5 19.Nd4 Bxd4 20.Bxd4 e5 21.Bc3 Be6 22.a3 d4
23.Ba1 e4 24.Bc2 Rad8 25.Rb6 Rd7 26.Ba4 d3 27.Qg5 Bd5 28.Rdb1 Qc8 29.Qd2 Rff7
30.Bd1 Qf8 31.Qc3 Rfe7 32.Ba4 Qf7 33.Qd2 f4 34.Re1 Qf5 35.Rbb1 Qg4 36.h3 Qg5
37.Bb3 Bxb3 38.Rxb3 e3 39.fxe3 fxe3 40.Qa2 Qd5 41.Bc3 d2  0-1

[Event "Ljubljana op"]
[Site "Ljubljana"]
[Date "1998.??.??"]
[Round "5"]
[White "Jazbinsek, Sebastjan"]
[Black "Jaksa, Cvetko"]
[Result "1-0"]
[WhiteElo "2205"]
[BlackElo "1880"]

1.e4 e6 2.d4 c5 3.Nf3 cxd4 4.Nxd4 a6 5.Nc3 b5 6.Bd3 Qb6 7.Nb3 Qc7 8.O-O Bb7
9.Qe2 d6 10.f4 Nd7 11.Be3 Ngf6 12.a3 Be7 13.Rae1 O-O 14.g4 Nc5 15.Nxc5 dxc5
16.g5 Nd7 17.Qh5 g6 18.Qh6 Rfe8 19.Rf3 Bf8 20.Qh4 Bg7 21.Rh3 Nf8 22.e5 Rac8
23.Ne4 Bxe4 24.Bxe4 Red8 25.Qf2 Qa5 26.b4 Qxa3 27.bxc5 Rxc5 28.Bxc5 Qxh3
29.Bb4 Qg4+ 30.Qg3 Qxg3+ 31.hxg3 Rc8 32.c3 Rc7 33.Rd1 Rd7 34.Rd6 Ra7 35.Ba5 Nd7
36.Bc6 Nxe5 37.Rd8+ Bf8 38.fxe5 Kg7 39.Bb6 Re7 40.Bc5 Re8 41.Rxe8 Bxc5+ 42.Kg2  1-0

[Event "Ljubljana op"]
[Site "Ljubljana"]
[Date "1998.??.??"]
[Round "7"]
[White "Novak, Gorazd"]
[Black "Podkriznik, Gregor"]
[Result "0-1"]
[WhiteElo "2030"]
[BlackElo "2330"]

1.e4 c5 2.Nf3 e6 3.d4 cxd4 4.Nxd4 a6 5.Nc3 b5 6.a3 d6 7.Be2 Bb7 8.f4 Qc7
9.Bf3 Nd7 10.Qe2 Rb8 11.a4 bxa4 12.Rxa4 Nb6 13.Ra1 Be7 14.O-O Nf6 15.g4 O-O
16.g5 Nfd7 17.Kh1 Rfe8 18.h4 Bf8 19.h5 g6 20.hxg6 hxg6 21.Qg2 e5 22.Nde2 exf4
23.Nxf4 Bg7 24.Ra3 Ne5 25.Be3 Nbc4 26.Ncd5 Qd8 27.Rb3 Bxd5 28.Nxd5 Rxb3 29.cxb3 Nxe3
30.Nxe3 Nxf3 31.Qxf3 Qe7 32.Ng2 Bxb2 33.Qe2 Be5 34.Qg4 Kg7 35.Nh4 Bd4 36.Re1 Bf2  0-1

[Event "Ljubljana op"]
[Site "Ljubljana"]
[Date "1998.??.??"]
[Round "7"]
[White "Kecic, Stevan"]
[Black "Kodela, Marko"]
[Result "1-0"]
[WhiteElo "2235"]
[BlackElo "2025"]

1.e4 c5 2.Nf3 e6 3.Nc3 a6 4.d4 cxd4 5.Nxd4 Qc7 6.Qf3 Nc6 7.Nxc6 Qxc6 8.Bd3 b5
9.O-O Bb7 10.Qg3 d6 11.Re1 Nf6 12.a4 b4 13.Nd5 e5 14.Nxb4 Qc7 15.a5 h5 16.h3 h4
17.Qf3 Be7 18.c4 Nh5 19.Nd5 Bxd5 20.cxd5 g5 21.b4 Qc3 22.Bb5+  1-0